LEADER 01101nam a2200265 i 4500 001 991001373309707536 005 20020507125036.0 008 991006s1997 it ||| | ita 020 $a8814061572$c28000 035 $ab10211640-39ule_inst 035 $aLE02984750$9ExL 040 $aISUFI - Sett. Diritti e Politiche Euromediterranee$bita 082 0 $a346 100 1 $aMassa Felsani, Fabiana$0239524 245 10$aContributo all'analisi del know-how /$cFabiana Massa Felsani 260 $aMilano :$bGiuffrè,$c1997 300 $aviii, 218 p. ;$c24 cm 490 0 $aPubblicazioni della Facoltà di giurisprudenza / II Università degli studi di Roma. [poi] Università degli studi di Roma Tor Vergata. Sezione di diritto e procedura civile ;$v3 650 4$aKnow-how 907 $a.b10211640$b17-02-17$c27-06-02 912 $a991001373309707536 945 $aLE029 346 FEL01.01$g1$iLE029-0106$lle029$o-$pE0.00$q-$rn$so $t0$u0$v0$w0$x0$y.i10260298$z27-06-02 996 $aContributo all'analisi del know-how$9191959 997 $aUNISALENTO 998 $ale029$b01-01-99$cm$da $e-$fita$git $h0$i1 LEADER 03332nam 2200601 450 001 9910823583303321 005 20240216152453.0 010 $a9780585492522 010 $a0585492522 010 $a9789289014014 010 $a9289014016 035 $a(OCoLC)54448727$z(OCoLC)191891756 035 $a(EXLCZ)99111087028332594 100 $a20150928h20032003 uy 0 101 0 $aeng 135 $aurcn#|||mna|a 181 $ctxt$2rdacontent 182 $cc$2rdamedia 183 $acr$2rdacarrier 200 04$aThe solid facts /$fedited by Richard Wilkinson and Micheal Marmot 205 $aSecond edition 210 1$aCopenhagen, Denmark :$cWorld Health Organization Regional Office for Europe,$d[2003]. 210 4$d©2003 215 $a1 online resource (31 pages, 1 unnumbered page) $cillustrations (chiefly colour), charts, photographs 300 $a"Social determinants of health"--Page 1 of cover. 300 $a"Healthy Cities 21 Century. International Centre for Health and Society"--Page 1 of cover. 311 0 $a92-890-1371-0 320 $aIncludes bibliographical references. 327 $aIntroduction -- 1. The social gradient -- 2. Stress -- 3. Early life -- 4. Social exclusion -- 5. Work -- 6. Unemployment -- 7. Social support -- 8. Addiction -- 9. Food -- 10. Transport -- WHO and other important sources. 330 $a"Poorer people live shorter lives and are more often ill than the rich. This disparity has drawn attention to the remarkable sensitivity of health to the social environment. This publication examines this social gradient in health, and explains how psychological and social influences affect physical health and longevity. It then looks at what is known about the most important social determinants of health today, and the role that public policy can play in shaping a social environment that is more conducive to better health. This second edition relies on the most up-to-date sources in its selection and description of the main social determinants of health in our society today. Key research sources are given for each: stress, early life, social exclusion, working conditions, unemployment, social support, addiction, healthy food and transport policy. Policy and action for health need to address the social determinants of health, attacking the causes of ill health before they can lead to problems. This is a challenging task for both decision-makers and public health actors and advocates. This publication provides the facts and the policy options that will enable them to act."--Provided by publisher. 517 3 $aSocial determinants of health :$ethe solid facts 606 $aHealth$xSocial aspects 606 $aPublic health$xSocial aspects 606 $aSocial medicine 606 $aMedical policy 606 $aHealth Policy 615 0$aHealth$xSocial aspects. 615 0$aPublic health$xSocial aspects. 615 0$aSocial medicine. 615 0$aMedical policy. 615 12$aHealth Policy. 676 $a362.107 702 $aWilkinson$b Richard G. 702 $aMarmot$b Michael$f1945- 702 $aBartley$b Mel 801 0$bMiAaPQ 801 1$bMiAaPQ 801 2$bMiAaPQ 801 2$bPUL 801 2$bCaOWtU 912 $a9910823583303321 996 $aThe solid facts$94041432 997 $aUNINA LEADER 00785nam a2200217 i 4500 001 991004344835307536 005 20240924145247.0 008 240924s1853 it er 001 0 ita d 040 $aBibl. Interfacoltà T. Pellegrino$bita$cSocioculturale Scs 041 0 $aita 082 04$a640$223 245 00$aPiccolo archivio di scoperte riguardanti le arti, i mestieri, l'economia domestica e rurale curiosità chimiche, vernici, tintorie, ec. ec. 250 $a8 edizione con notabili aggiunzioni 260 $aNapoli :$bGiuseppe D'Ambra,$c1853 300 $a2 volumi ;$c15 cm 505 00$gVol. 1. -$g241 p. 505 00$gVol. 2. -$g200 p. 650 4$aEconomia domestica rurale$vManuali 912 $a991004344835307536 996 $aPiccolo archivio di scoperte$91203331 997 $aUNISALENTO